Loading...
| Auditory Arts | 4 | 7.50 | 50% | 0% | 25% |
| Beliefs | 1 | 10.00 | 100% | 0% | 0% |
| Current Events | 1 | 10.00 | 100% | 0% | 0% |
| Fine Arts - Other Arts | 1 | 10.00 | 100% | 0% | 0% |
| History - American | 1 | 10.00 | 100% | 0% | 0% |
| History - Ancient | 1 | 10.00 | 100% | 0% | 0% |
| History - European | 1 | 10.00 | 100% | 0% | 0% |
| History - Other | 1 | 10.00 | 100% | 0% | 0% |
| History - World | 2 | 5.00 | 50% | 0% | 0% |
| Literature - American | 3 | 3.33 | 33% | 0% | 0% |
| Literature - British | 2 | 0.00 | 0% | 0% | 0% |
| Literature - World | 5 | 4.00 | 40% | 0% | 0% |
| Other Academic | 1 | 20.00 | 100% | 0% | 100% |
| Philosophy | 2 | 5.00 | 50% | 0% | 0% |
| Science - Biology | 2 | 15.00 | 100% | 50% | 0% |
| Science - Chemistry | 2 | 5.00 | 50% | 0% | 0% |
| Science - Other | 2 | 10.00 | 50% | 50% | 0% |
| Science - Physics | 1 | 10.00 | 100% | 0% | 0% |
| Visual Arts | 2 | 5.00 | 50% | 0% | 0% |